Statistics for Random US States Missing On A Borderless Map

Click here to take the quiz!

General Stats

  • This quiz has been taken 907 times
  • The average score is 13 of 15

Answers on the Map

Answers color-coded by a green-red scale on the quiz's map according to % correct below.
 

Answer Stats

US State% Correct
Idaho
100%
Montana
100%
Texas
100%
Arizona
98%
Nevada
98%
North Dakota
98%
Oregon
98%
Virginia
98%
Washington
98%
Utah
96%
Alabama
95%
Illinois
95%
Iowa
95%
Ohio
95%
South Carolina
95%
Wyoming
95%
Tennessee
94%
Louisiana
93%
Mississippi
93%
Oklahoma
93%
California
92%
Colorado
92%
Kansas
92%
Maine
92%
Michigan
92%
South Dakota
92%
Georgia
91%
Kentucky
91%
Nebraska
90%
New Hampshire
90%
New Mexico
90%
North Carolina
90%
Missouri
89%
Massachusetts
87%
Pennsylvania
86%
Vermont
86%
Maryland
85%
Arkansas
84%
Indiana
84%
Alaska
83%
Minnesota
83%
New York
83%
Florida
82%
West Virginia
81%
Wisconsin
81%
Hawaii
77%
New Jersey
69%
Connecticut
67%
Delaware
64%
Rhode Island
60%

Score Distribution

Percentile by Number Answered

Percent of People with Each Score

Your Score History

You have not taken this quiz